000 01060cam a2200301 4500
001 J3978
008 090401t1996 xxu||||| |||| 00| 0 eng d
035 _a(Sirsi) u57808
041 _aeng
050 _a692.9
090 _aJCT 1996/10A
110 _aJoint Contracts Tribunal
_93664
245 _aSub-Contract Conditions for Sub-Contractors named under the Intermediate Form of Building Contract: (NAM/SC) 1984 edition ... Amendment 9 and guidance notes issued July 1996: insurance and indemnity provisions: effect of final payment.
260 _aLondon
_bConstruction Industry Publications Ltd.
_c1996
300 _a(4)p. ; 30cm.
350 _a0.4
650 _aAMENDMENT 9
650 _aBUILT ENVIRONMENT-BUILDING CONTRACT FORMS
650 _aFINAL PAYMENT
650 _aGUIDANCE NOTES
650 _aINDEMNITY PROVISIONS
650 _aJCT INTERMEDIATE FORM OF BUILDING CONTRACT (1984 EDITION)
650 _aNAM/SC
650 _aSUBCONTRACTS
690 _aBUILT ENVIRONMENT-BUILDING CONTRACT FORMS
942 _n0
948 _c04/03/1997
999 _c93977
_d93977